ARRUPE JESUIT UNIVERSITY

CORONAVIRUS -STOP THE SPREAD - CLEAN,DISINFECT,COVER

The world according to Pimm : (Record no. 7161)

MARC details
000 -LEADER
fixed length control field 01163cam a22002534a 4500
001 - CONTROL NUMBER
control field 12303605
005 - DATE AND TIME OF LATEST TRANSACTION
control field 20170921115235.0
008 - FIXED-LENGTH DATA ELEMENTS--GENERAL INFORMATION
fixed length control field 010208s2001 nyu b 001 0 eng
010 ## - LIBRARY OF CONGRESS CONTROL NUMBER
LC control number 2001030229
020 ## - INTERNATIONAL STANDARD BOOK NUMBER
International Standard Book Number 0071374906
040 ## - CATALOGING SOURCE
Original cataloging agency DLC
Transcribing agency DLC
Modifying agency DLC
042 ## - AUTHENTICATION CODE
Authentication code pcc
050 00 - LIBRARY OF CONGRESS CALL NUMBER
Classification number GE140
Item number .P56 2001
082 00 - DEWEY DECIMAL CLASSIFICATION NUMBER
Classification number 333.7/2
Edition number 21
100 1# - MAIN ENTRY--PERSONAL NAME
Personal name Pimm, Stuart L.
Fuller form of name (Stuart Leonard)
9 (RLIN) 36045
245 14 - TITLE STATEMENT
Title The world according to Pimm :
Remainder of title a scientist audits the Earth /
Statement of responsibility, etc Stuart L. Pimm.
260 ## - PUBLICATION, DISTRIBUTION, ETC. (IMPRINT)
Place of publication, distribution, etc New York :
Name of publisher, distributor, etc McGraw-Hill,
Date of publication, distribution, etc c2001.
300 ## - PHYSICAL DESCRIPTION
Extent xiii, 285 p., [13] p. of plates :
Other physical details maps ;
Dimensions 24 cm.
504 ## - BIBLIOGRAPHY, ETC. NOTE
Bibliography, etc Includes bibliographical references (p. 251-272) and index.
650 #0 - SUBJECT ADDED ENTRY--TOPICAL TERM
Topical term or geographic name as entry element Environmental degradation.
9 (RLIN) 36042
856 42 - ELECTRONIC LOCATION AND ACCESS
Materials specified Contributor biographical information
Uniform Resource Identifier <a href="http://www.loc.gov/catdir/bios/mh041/2001030229.html">http://www.loc.gov/catdir/bios/mh041/2001030229.html</a>
906 ## - LOCAL DATA ELEMENT F, LDF (RLIN)
a 7
b cbc
c orignew
d 1
e ocip
f 20
g y-gencatlg
942 ## - ADDED ENTRY ELEMENTS (KOHA)
Source of classification or shelving scheme Library of Congress Classification
Item type Monograph ( Printed materials)
Holdings
Withdrawn status Lost status Source of classification or shelving scheme Damaged status Not for loan Collection code Home library Current library Shelving location Date acquired Total Checkouts Full call number Barcode Date last seen Date last borrowed Copy number Price effective from Koha item type
    Library of Congress Classification     Main Collection ARRUPE LIBRARY ARRUPE LIBRARY   27/02/2013 1 GE140.P56 2001 46409826 09/04/2018 28/10/2013 1 27/02/2013 Monograph ( Printed materials)

 

Arrupe Library. PO Box MP320 Mt Pleasant, Harare, Zimbabwe
263 242 745411|librarian@aju.ac.zw